| 000 | 00317 a2200121 4500 | ||
|---|---|---|---|
| 005 | 20250317104157.0 | ||
| 082 | _a346.71 MIL | ||
| 100 | _aMILNER, J. B. | ||
| 245 | _aCases and Materials on Contracts | ||
| 260 |
_aToronto, _bUniversity of Toronto Press, _c1963. |
||
| 300 |
_axxvii, 897p. _bIndex. _c24cm. |
||
| 942 |
_2ddc _cBKS |
||
| 999 |
_c765 _d765 |
||